Music Quiz

Random Music or The Beatles Quiz
Score 0/24 Timer 02:00
0 Plays Today
% Correct
Joan Jett and The Blackhearts
96.3%
ACDC
86.7%
The Rolling Stones
85.2%
The Police
82.7%
Hall & Oates
81.2%
The Cars
75.6%
The Go-Go's
72.7%
U2
72%
Ozzy Osbourne
70.8%
Stevie Nicks
70.5%
Phil Collins
67.5%
Rush
63.5%
% Correct
Journey
61.3%
The Who
55.7%
George Harrison
52%
Mötley Crüe
51.7%
The Human League
51.3%
Prince
50.9%
Depeche Mode
48.7%
Brian Eno & David Byrne
43.9%
The Psychedelic Furs
41.7%
OMD
32.5%
Rick James
32.1%
The Teardrop Explodes
28.8%
Remove Ads.
Support Sporcle.
Get the best of Sporcle when you Go Orange. This ad-free experience offers more features, more stats, and more fun while also helping to support Sporcle. Thank you for becoming a member.

You're not logged in!

Compare scores with friends on all Sporcle quizzes.
OR
Log In

Show Comments

Extras

Top Quizzes Today


Score Distribution

Your Account Isn't Verified!

In order to create a playlist on Sporcle, you need to verify the email address you used during registration. Go to your Sporcle Settings to finish the process.

Report this User

Report this user for behavior that violates our Community Guidelines.

Details: